Usted no viaja asegurado / (Registro nro. 2506)
[ vista simple ]
| 000 -LEADER | |
|---|---|
| fixed length control field | 00596nam a2200193 a 4500 |
| 008 - CAMPO DE CONTROL (LIBRO) | |
| fixed length control field | 011117e2016 ag |||g |||| 000 0 spa d |
| 020 ## - INTERNATIONAL STANDARD BOOK NUMBER | |
| ISBN | 9789872949280 |
| 041 ## - CODIGO DE IDIOMA | |
| Código de idioma del texto/pista de sonido o título separado | spa |
| 092 ## - SIGNATURA TOPOGRAFICA DEWEY LOCAL | |
| número de clasificación | 808 |
| libristica | 74 |
| sección | RIV |
| 100 1# - ENTRADA PRINCIPAL--NOMBRE PERSONAL | |
| Nombre personal | Rivero, Franco |
| 9 (RLIN) | 3348 |
| 245 ## - TITULO PROPIAMENTE DICHO | |
| Título | Usted no viaja asegurado / |
| Mención de responsabilidad y remanente de la transcripción de la portada | Franco Rivero |
| 250 ## - MENCION DE EDICION | |
| Mención de edición | 1a ed. |
| 260 ## - PIE DE IMPRENTA | |
| Lugar de publicación, distribución, etc | Villa Mercedes [San Luis]: |
| Nombre de la editorial, distribuidor, etc | Deaca; |
| Fecha de publicación | 2016. |
| 300 ## - DESCRIPCION FISICA | |
| Extension | 70 p. |
| Dimensiones | 21x14 cm. |
| 500 ## - NOTA GENERAL | |
| Nota general | Rivero, F. (2016). Ud no viaja asegurado. (1a ed.). San Luis : Deacá. |
| 590 ## - NOTAS LOCALES (RLIN) | |
| Nota local | Donación. Proyecto Literatura 4to libro |
| 655 ## - MATERIA - GENERO/FORMA | |
| Género/Forma | Literatura |
| -- | 2917 |
| 942 ## - ADDED ENTRY ELEMENTS (KOHA) | |
| Source of classification or shelving scheme | Dewey Decimal Classification |
| Item type | LITERATURA |
| Estado de retiro | Existencia | Fuente de clasificación | Estado general | No para prestamo | Ubicación permanente | ubicación actual | Sala de ubicación | Fecha de adquisición | Fuente de adquisición | Total Checkouts | Número de clasificación | Código de barras | Date last seen | Número de ejemplar | Price effective from | Koha tipo de elemento (item) | Public note |
|---|---|---|---|---|---|---|---|---|---|---|---|---|---|---|---|---|---|
| Dewey Decimal Classification | Biblioteca Medicina | Biblioteca Medicina | Circulación | 02/11/2017 | Donación Fondo Nacional de las Artes, Octubre 2017 | 808 74 RIV | 4023 | 02/11/2017 | Ej.1 | 02/11/2017 | LITERATURA | Proyecto 4to Libro. Donación Fondo Nacional de las Artes, Octubre 2017 |